000
00430nam a2200133Ia 4500
008
100328s9999 xx 000 0 und d
082
_b
59487
100
_a
मेंगजी अशोक.
245
_a
बहरलेले तारुण्य.
260
_b
चंद्रमौळी.
630
_a
बहरलेले तारुण्य.
730
_a
बहरलेले तारुण्य.
942
_c
BOOK
999
_c
545711
_d
545708